Sports Quiz

Random Sports or Baseball Quiz

Atlantic League Baseball Quiz Stats

Quiz not verified by Sporcle

Challenge
Share
Tweet
Embed
Score 0/8 Timer 05:00
0 Plays Today
Hint Answer % Correct
Long IslandLong Island Ducks
90.9%
SomersetSomerset Patriots
90.9%
League Operated Traveling TeamRoad Warriors
81.8%
LancasterLancaster Barnstormers
81.8%
Southern MarylandSouthern Maryland Blue Crabs
81.8%
Sugar LandSugar Land Skeeters
81.8%
YorkYork Revolution
81.8%
New BritainNew Britain Bees
72.7%

You're not logged in!

Compare scores with friends on all Sporcle quizzes.
Sign Up with Email
OR
Log In

You Might Also Like...

Show Comments

Extras

Top Quizzes Today


Score Distribution

Your Account Isn't Verified!

In order to create a playlist on Sporcle, you need to verify the email address you used during registration. Go to your Sporcle Settings to finish the process.